| 000 | 00714nam a2200217Ia 4500 | ||
|---|---|---|---|
| 003 | GCL | ||
| 008 | 140319s9999 xx 000 0 ara d | ||
| 040 |
_aGCL / _cGCL |
||
| 082 | 0 | 4 |
_a343.08 _bص ع |
| 100 | 1 | _aصالح بكر الطيار | |
| 245 | 1 | 0 |
_aالعقود الدولية لنقل التكنولوجيا / _cصالح بكر الطيار |
| 700 | 1 | _aمفيد محمود شهاب | |
| 260 |
_a[S.N] : _bشهد للنشر والاعلام ، _c1992 |
||
| 300 | _a432 ص | ||
| 490 | _a | ||
| 650 | 0 | 4 | _aالاتفاقيات الدولية |
| 650 | 0 | 4 | _aالتكنولوجيا |
| 650 | 0 | 4 | _aالتجارة الخارجية |
| 650 | 0 | 4 | _aالقانون الدولى التجارى |
| 942 |
_2ddc _cBK |
||
| 999 |
_c37188 _d37188 |
||